000 00873cam a22002413a 4500
001 17302
003 PGUSA
005 20140828083353.0
008 051213s2005||||xxu|||||s|||||000 | eng d
040 _aPGUSA
_beng
042 _adc
050 4 _aTA
100 1 _aCresson, Benjamin Franklin,
_d1873-1923
245 1 0 _aTransactions of the American Society of Civil Engineers, vol. LXVIII, Sept. 1910 :
_bThe New York Tunnel Extension of the Pennsylvania Railroad The Terminal Station - West
_h[electronic resource] /
_cBenjamin Franklin Cresson
260 _bProject Gutenberg,
_c2005
506 _aPublic domain in the USA.
516 _aElectronic text
653 _aCivil engineering -- Periodicals
653 _aRailroad stations -- Design and construction
830 0 _aProject Gutenberg
_v17302
856 4 0 _uhttp://www.gutenberg.org/ebooks/17302
942 _cEB
999 _c246557
_d246557